| 000 | 00768nam a2200193Ii 4500 | ||
|---|---|---|---|
| 003 | JO-AjNU | ||
| 008 | 230605s9999||||xx |||||||||||||| ||und|| | ||
| 040 |
_aJO-AjNU _bara _erda _cJO-AjNU |
||
| 041 | _aara | ||
| 050 | 1 | 4 | _aLB1025 |
| 100 | 3 |
_aتاليف دوس، جيمس . س؛ ترجمة صالح عبد العزيز، ترجمة محمد السيد غلاب، مراجعة محمد علي مصطفى , _eauthor _98187 |
|
| 245 | 0 | 0 | _aالأسس العامة لنظريات التربية |
| 264 | 3 | 1 | _aالقاهرة: مكتبة النهضة المصرية، د.ت |
| 300 | _a243ص | ||
| 336 |
_atext _btxt _2rdacontent |
||
| 337 |
_aunmediated _bn _2rdamedia |
||
| 338 |
_avolume _bnc _2rdacarrier |
||
| 650 | 4 |
_aالتربية والتعليم - نظريات _98188 |
|
| 999 |
_aA661 _c4229 _d4229 |
||